00658nam a2200229 a 4500001001300000003000900013005001700022008004100039020001000080082001500090100002200105245002200127260004400149300000800193500003500201650002400236700002200260902000800282942000700290952011600297999001500413nice12345678IN_TiNIC20260116012351.0080910s1982 paka grp 000 0 urd  ac10000a226.8bPIN aPinto, Fr Everest aYesu Ki Tamseelen aPakistanbCatholic Idara Adabiyatc1982 a95p aincludes index and biblioraphy aBible N.T. Parables1 aPinto, Fr Everest bSRS cBK 001040708StackRoom-aHMIbHMId2008-09-10g100.00l0o226.8 PINp011137r2008-09-10v100.00w2008-09-10yBK c6723d6723